Barnad Shaw (Record no. 17441)

MARC details
000 -LEADER
fixed length control field 00424nam a2200145Ia 4500
008 - FIXED-LENGTH DATA ELEMENTS--GENERAL INFORMATION
fixed length control field 211109s9999||||xx |||||||||||||| ||und||
082 ## - DEWEY DECIMAL CLASSIFICATION NUMBER
Classification number 894.81209
Item number BAL-B
100 ## - MAIN ENTRY--PERSONAL NAME
Personal name Balakrishna Warrier, M R
245 #0 - TITLE STATEMENT
Title Barnad Shaw
260 ## - PUBLICATION, DISTRIBUTION, ETC.
Name of publisher, distributor, etc. University of Kerala
Place of publication, distribution, etc. Thiruvananthapuram
Date of publication, distribution, etc. 1953
300 ## - PHYSICAL DESCRIPTION
Extent 209p.
630 ## - SUBJECT ADDED ENTRY--UNIFORM TITLE
General subdivision General Stack
650 ## - SUBJECT ADDED ENTRY--TOPICAL TERM
Topical term or geographic name entry element LITERATURES OF OTHER LANGUAGES
942 ## - ADDED ENTRY ELEMENTS (KOHA)
Koha item type BOOK
650 ## - SUBJECT ADDED ENTRY--TOPICAL TERM
Form subdivision Literary Criticism
General subdivision Generalia
Holdings
Withdrawn status Lost status Damaged status Not for loan Home library Current library Date acquired Cost, normal purchase price Total Checkouts Full call number Barcode Shelving location Date last seen Price effective from Koha item type
        SB LIBRARY SB LIBRARY 09/11/2021 100.00   894.81209 BAL-B 00018093 GENERAL STACK 09/11/2021 09/11/2021 BOOK

Powered by Koha